| 000 | 00398nam a2200157Ia 4500 | ||
|---|---|---|---|
| 008 | 230312s9999||||xx |||||||||||||| ||und|| | ||
| 020 | _a0-412-40110-x | ||
| 082 |
_a621.3 _bMEA-S |
||
| 100 | _aMeade M.L. | ||
| 245 | 0 | _aSignals and Systems | |
| 260 |
_bChapman & Hall _aNew York _c1986 |
||
| 300 | _a167 | ||
| 546 | _aEng. | ||
| 650 |
_aEngineering _vIntroduction , Time domain models |
||
| 942 | _cBK | ||
| 999 |
_c1495 _d1495 |
||